15 Largest Cities in the United States🇺🇸 - Statistics

General Stats
  • This quiz has been taken 131 times
  • The average score is 12 of 15
Answer Stats
Population City % Correct
3.9 mil Los Angeles
99%
8.1 mil New York City
99%
2.7 mil Chicago
95%
2.2 mil Houston
95%
1.3 mil Dallas
92%
864k San Francisco
88%
1.5 mil Philadelphia
87%
1.3 mil San Diego
81%
1.5 mil Phoenix
80%
931k Austin
75%
1.4 mil San Antonio
71%
1 mil San Jose
63%
868k Jacksonville
59%
850k Columbus
48%
833k Fort Worth
44%
No matching quizzes found
Score Distribution
Percent of People with Each Score
Percentile by Number Answered
Your Score History
You have not taken this quiz